000 01174nam a2200241 a 4500
001 12776
003 CO-ViMGA
008 141112s2004 ck r 000 u spa d
020 _a9586830160
040 _aCO-ViMGA
_bspa
_cCO-ViMGA
082 0 4 _a272.2 S653
100 1 _aSplendiani, Ana Maria
_918510
245 1 0 _aCircuenta años de Inquisición en el tribunal de Cartagena de Indias
260 _aSantafé de Bogotá :
_bCentro Editorial Javeriano,
_c1997
300 _a233p. 4v.
500 _aSolicitar el ejemplar de la tabla de contenido.
505 _aVOL.(1)De la Roma medieval a la Cartagena Colonial : El santo oficio de la Inquisición VOL.(2)Documentos ineditos procedentes del Archivo Histórico Nacional de Madrid (AHNM)libro 1020, años 1610 - 1637. VOL.(3)Documentos Ineditos procedentes del Archivo Histórico Nacional de Madrid (AHNM)libro 1021, años 1638 - 1660 VOL.(4)Glosario, indice onomástico, indice toponímico, indice de reos
650 1 4 _aCARTAGENA - COLOMBIA
650 1 4 _aCOLOMBIA - HISTORIA - COLONIA - 1550 - 1810
650 1 4 _aHISTORIA ECLESIASTICA
_918511
650 1 4 _aINQUISICION - CARTAGENA - COLOMBIA
_918512
942 _2ddc
_cBK
999 _c23720
_d23720